Welcome to the Holygrace Academy Library

Please use search bar below to get started

PENNUM CHERUKKANUM (Record no. 8666)

MARC details
000 -LEADER
fixed length control field 00328nam a22001337a 4500
082 ## - DEWEY DECIMAL CLASSIFICATION NUMBER
Classification number 894.812.3
Item number UNN/P
100 ## - MAIN ENTRY--AUTHOR NAME
Personal name UNNI, R
245 ## - TITLE STATEMENT
Title PENNUM CHERUKKANUM
246 ## - VARYING FORM OF TITLE
Title proper/short title PENNUM CHERUKKANUM
Remainder of title PENNUM CHERUKKANUM
260 ## - PUBLICATION, DISTRIBUTION, ETC. (IMPRINT)
Place of publication KOTTAYAM, KERAL, INDIA
Name of publisher D C BOOKS
Year of publication 2020
300 ## - PHYSICAL DESCRIPTION
Number of Pages 99
650 ## - SUBJECT ADDED ENTRY--TOPICAL TERM
Topical Term MALAYALAM FICTION
942 ## - ADDED ENTRY ELEMENTS (KOHA)
Koha item type Books
Holdings
Withdrawn status Lost status Collection code Home library Current library Shelving location Date acquired Source of acquisition Cost, normal purchase price Full call number Accession Number Koha item type
    Fiction Main Library Main Library NEW SHELF WITH NEW ENTRY 07/03/2024 PURCHASED 120.00 894.812.3 UNN/P 13584 Books